000 01255nmm a2200325 a 4500
001 0000014107
003 CO-CtgCURN
005 20250512150008.0
007 co cga---uuuuu
008 160627s2002 i eng d
020 _a9586903141
040 _aCO-CtgCURN
_bspa
_ccoctgcurn
082 0 _a342.861
_bC43c
245 0 0 _aConstitucion política de Colombia
_h[electronic resource] /
_ccompilador Francisco Gómez Sierra.
250 _a16a ed.
260 _aBogotá :
_bLeyer,
_c2002.
300 _a541 p + 1 Cd - Rom.
336 _2rdacontent
337 _2rdamedia
_asin mediacion
_bn
338 _2rdacarrier
_avolumen
_bnc
490 1 _aColección códigos brevis
500 _aIncluye indice.
505 8 _aDe los principios fundamentales.--De los derechos las garantias y los deberes.--De los derechos socialeseconomicos y culturales.--De los derechos colectivos y del ambiente.--De la protección y aplicacion de los derechos
650 0 _aDerechos civiles
_zColombia.
700 1 _aGómez Sierra, Francisco.
908 _a160627
942 _cBK
_h342.861
_iC43c
_2ddc
_n0
999 _c19163
_d19163